00753nam a2200253Ia 4500008004100000020002200041050001000063050001400073100002200087245004800109245002400157260001800181260001900199260000900218300002400227300002100251300001100272650002000283650003300303650004400336650003600380650005100416650003200467160319s9999 xx 000 0 und d a9712721342 (pbk.) a303.6 bO15o 2009 aOcampo, Ambeth R. a101 stories on the Philippine revolution /  cy Ambeth R. Ocampo. aPasig City :  bAnvil Pub. Inc c2009 axviii, 312 pages :  billustrations ;  c23 cm. aPhilippines --  aPhilippines -- Civilization. aPhilippines -- Politics and government. aRevolutionaries -- Philippines. aRevolutionary literature, Philippine (English) xHistory -- Revolution 1898-